| 000 | 01723cam a2200373 4500 | ||
|---|---|---|---|
| 001 | J3371 | ||
| 008 | 090401t1995 xxu||||| |||| 00| 0 eng d | ||
| 035 | _a(Sirsi) u54724 | ||
| 041 | _aeng | ||
| 050 | _a333.72 | ||
| 110 |
_aCommonwealth Association of Surveying and Land Economy _92570 |
||
| 245 | _aHarare technical sessions papers, August 1995: Sustainable development: counting the cost - maximising the value. Additional papers. | ||
| 260 | _c1995 | ||
| 300 | _aca.150p. ; 30cm. | ||
| 350 | _a0 | ||
| 520 | _aCo-hosted by the Real Estate Institute of Zimbabwe and the Survey Institute of Zimbabwe. Papers include:- Customary tenure systems and sustainable development./ LUNGU, J. - Debugging the land and property market in Zambia./ MUSOLE, M. - Extending Zimbabwe`s land register to embrace the communal areas and resettlement schemes./ GOODWIN, D. - Training of construction professionals for sustainable development in Nigeria./ JAGBORO, G. - Education for a modern integrated survey professional./ ADOUL, F and others. - Maintenance of buildings and related infrastructure: the Kenyan experience. / RIUNGU, C. - Historic development in Chitungwiza./ MUTUBUKI, C. | ||
| 650 | _aAFRICA | ||
| 650 | _aCONSTRUCTION PROFESSIONALS | ||
| 650 | _aDEVELOPING COUNTRIES | ||
| 650 | _aKENYA | ||
| 650 | _aLAND REGISTERS | ||
| 650 | _aLAND TENURE | ||
| 650 | _aNIGERIA | ||
| 650 | _aPROPERTY MARKET | ||
| 650 | _aREAL ESTATE INSTITUTE OF ZIMBABWE | ||
| 650 | _aSURVEY INSTITUTE OF ZIMBABWE | ||
| 650 | _aSUSTAINABLE DEVELOPMENT | ||
| 650 | _aZAMBIA | ||
| 650 | _aZIMBABWE | ||
| 690 | _aDEVELOPMENT | ||
| 710 | _aFederation International Des Geometres | ||
| 942 | _n0 | ||
| 948 | _c04/03/1997 | ||
| 999 |
_c93497 _d93497 |
||